000
00301nam a22001217a 4500
999
_c
4384
_d
4384
008
250213b ||||| |||| 00| 0 eng d
020
_a
9781474734639
082
_a
599.03
100
_a
AMSTUTZ,LISA J
_e
AUTHOR
245
_a
MAMMALS
260
_a
264 BANBURY ROAD ,OXFORD OX2 7DY
_c
RAINTREE
942
_2
ddc